LEADER 00926nam a2200217 i 4500 001 000000138804 003 CaOOAMICUS 005 20050511000000.0 008 050511s1984 it u000 u ita u 013 $a112759 040 $aSeMil$bita 100 1 $aPontiggia, Giuseppe,$d<1934-2003>.$0(OLS)http://semarc/name/16365 245 10$aAtti del Convegno su Guido Morselli :$bdieci anni dopo : (1973-1983) /$cGiuseppe Pontiggia ... [et al.]. 260 $aGavirate :$b[s.n.],$c1984. 300 $a109 p. ;$c23 cm. 600 14$aMorselli, Guido <1912-1973>.$0(OLS)http://semarc/subject/27199 850 $aSeMil 852 $aSeMil$W1$xVenegono$y1$m1B V 61$j92246$B92246$CSeMilBibl$Z2$F97379 $81 961 $aOmaggio: Poma mons. Gianfranco 996 $6245$aAtti del Convegno su Guido Morselli :$bdieci anni dopo : (1973-1983)$9(OLS)http://semarc/title/202879 996 $6260$aGavirate :$b[s.n.]$9(OLS)http://semarc/publisher/47151 LEADER 00977nam a2200229 i 4500 001 000000125369 003 CaOOAMICUS 005 20040415000000.0 008 040415s1960 fr u000 u fre u 013 $a98070 040 $aSeMil$bita 100 1 $aChauchard, Paul <1912-2003>.$0(OLS)http://semarc/name/90341 245 12$aL'humanisme et la science /$cDocteur Paul Chauchard , directeur ŕ l'École des Hautes-Etudes, professeur ŕ l'École de Psycho-Praticiens. 260 $aParis :$bSpes,$c1960. 300 $a206 p. ;$c19 cm. 650 4$aFilosofia e scienza.$0(OLS)http://semarc/subject/5794 650 4$aUmanesimo contemporaneo.$0(OLS)http://semarc/subject/7564 850 $aSeMil 852 $aSeMil$W1$xVenegono$y1$m660 204 *$j79825$B79825$CSeMilBibl$Z2$F81951 $81 961 $aRecupero: Biblioteca Seminario Saronno 996 $6245$aL'humanisme et la science$9(OLS)http://semarc/title/184612 996 $6260$aParis :$bSpes$9(OLS)http://semarc/publisher/30154